Saints Row 1 Quiz - Statistics

General Stats
  • This quiz has been taken 59 times
  • The average score is 11 of 15
Answer Stats
Question Answer % Correct
Dex is killed by the Carnales False
89%
Who is the Boss of the 3rd Street Saints Julius
89%
Which gang is Dex assigned Los Carnales
89%
Who Kills Johnny No one
89%
Troy was a Cop True
89%
Which Gang Rocks the Wheel Symbol Westside Rollerz
89%
How does Aisha fake her death Bombing Kingdom Records
78%
Freckle Bitches is a Taco Joint False
78%
Who voiced Julius Keith David
78%
Who runs the Los Carnales The Lopez Brothers
78%
who wasn't in the final cutscene Dex
67%
Who Kills Lin William Sharp
56%
Johnny Gat is Second in Command True
44%
The Mehrman is real True
44%
The Playa "Dies" at the end True
22%
No matching quizzes found
Score Distribution
Percent of People with Each Score
Percentile by Number Answered
Your Score History
You have not taken this quiz